| 000 | 01913cam a2200241 4500500 | ||
|---|---|---|---|
| 005 | 20260111112215.0 | ||
| 041 | _afre | ||
| 042 | _adc | ||
| 100 | 1 | 0 |
_aCruz, Carla Marisa _eauthor |
| 245 | 0 | 0 | _aSi seulement je pouvais rêver... |
| 260 | _c2014. | ||
| 500 | _a69 | ||
| 520 | _aComment élaborer les traumatismes qui ne peuvent être ni pensés ni verbalisés ? S’appuyant sur des citations de Ferenczi, Bion, Tustin, Winnicott, André Green, Thomas Ogden entre autres, l’auteure démontre que les aspects non-représentables du traumatisme ont été travaillés tout au long de la littérature psychanalytique. La description d’un cas clinique met en lumière comment l’existence de traumatismes précoces et simultanément l’absence d’intériorisation de la capacité de rêverie maternelle conduisent à la fragmentation du psychisme et à l’anéantissement de la fonction symbolique. | ||
| 520 | _aHow can we talk about trauma which cannot be concieved of let alone spoken about ? The author illustrates through quotations by Ferenczi, Bion, Tustin, Winnicott, Andre Green, Thomas Ogden among others, how the aspects of trauma which are unrepresentable have been present throughout psychoanalytical literature. By means of a clinical case the author illustrates how the existence of premature trauma combined with the absence of introjection of the maternal capacity of reverie, lead to a breakdown of the psyche and the annihilation of the symbolic function. | ||
| 690 | _aincapacité de rêver | ||
| 690 | _anon-représentable | ||
| 690 | _atraumatisme | ||
| 690 | _anot unrepresentable | ||
| 690 | _asymbolic function | ||
| 690 | _atrauma | ||
| 786 | 0 | _nJournal de la psychanalyse de l'enfant | 4 | 2 | 2014-10-13 | p. 151-161 | 0994-7949 | |
| 856 | 4 | 1 | _uhttps://shs.cairn.info/revue-journal-de-la-psychanalyse-de-l-enfant-2014-2-page-151?lang=fr&redirect-ssocas=7080 |
| 999 |
_c1631876 _d1631876 |
||